000 00644nam a22002297a 4500
003 BPGM
005 20260701194715.0
008 260701b2004 mx ||||| |||| 001 0 spa d
040 _aBPGM
_bspa
041 _aspa
_hspa
082 0 4 _a372.423/
_bG37
100 _aYUNES, ELIANA
245 _aEL OCIO COMO VIRTUD:
_bLA CONTEMPLACIÓN CONTRA MASIFICACIÓN
300 _a32 páginas
_c20.9 cm x 13.6 cm
336 _2rdacontent
_atexto
_btxt
337 _2rdamedia
_asin mediación
_bn
338 _2rdacarrier
_avolumen
_bnc
650 _aCIENCIAS SOCIALES
650 _aEDUCACIÓN
650 _aEDUCACIÓN PRIMARIA
942 _2ddc
_cCOLQ
999 _c68734
_d68734